[Event "Basel Hilton op 3rd"]
[Site "Basel"]
[Date "2001.01.02"]
[Round "2"]
[White "Pikula, Dejan"]
[Black "Preziuso, Toni"]
[Result "1/2-1/2"]
[WhiteElo "2513"]
[BlackElo "2200"]
[PlyCount "83"]
[EventDate "2001.01.01"]
[Source "ChessBase"]
[SourceDate "2001.03.08"]

1. e4 e5 2. Nf3 Nc6 3. Bc4 Bc5 4. c3 Bb6 5. d4 Qe7 6. O-O d6 7. a4 a6 8. h3 h6 9. Re1 Qf6 10. Be3 Nge7 11. d5 Bxe3 12. Rxe3 Nb8 13. Nbd2 Ng6 14. Bf1 Nf4 15. Nh2 h5 16. Rg3 g5 17. Be2 Nd7 18. b4 Qh6 19. Re3 Nf8 20. Ndf1 N8g6 21. Ng3 Nh4 22. Bf1 g4 23. Ne2 gxh3 24. g3 Nhg2 25. gxf4 Nxe3 26. fxe3 Bg4 27. Kh1 Rg8 28. Qe1 Qg6 29. f5 Qg5 30. Qf2 f6 31. Ng1 Ke7 32. Re1 Rg7 33. Bxh3 Rag8 34. Bxg4 hxg4 35. Qg3 Rh8 36. Re2 Rgh7 37. Rg2 Rh4 38. c4 b6 39. Rc2 R4h5 40. Rg2 Rh4 41. Re2 R4h5 42. Rg2 1/2-1/2

[Event "Tatran Cup"]
[Site "Strbske Pleso"]
[Date "1978.??.??"]
[Round "6"]
[White "Novak, Ivan"]
[Black "Djuric, Stefan"]
[Result "0-1"]
[WhiteElo "2355"]
[BlackElo "2350"]
[PlyCount "124"]
[EventDate "1978.11.??"]
[Source "www.chesslib.no"]
[SourceDate "2004.05.04"]

1. e4 e5 2. Nf3 Nc6 3. Bc4 Bc5 4. c3 Bb6 5. O-O d6 6. d3 Nf6 7. b4 h6 8. a4 a6 9. a5 Ba7 10. Be3 Bxe3 11. fxe3 d5 12. exd5 Nxd5 13. Qe1 O-O 14. Ra2 Be6 15. Rd2 Qe7 16. e4 Nf4 17. Na3 Rad8 18. Qe3 Ng6 19. Bxe6 Qxe6 20. Nc4 Rd7 21. g3 Rfd8 22. Kg2 Nce7 23. Rfd1 f6 24. Qc5 Kh7 25. Ne3 Nf8 26. Qc4 Nc8 27. Qxe6 Nxe6 28. Kf2 Nd6 29. Ke2 Nb5 30. Rc1 c5 31. Rdd1 cxb4 32. cxb4 Ned4+ 33. Nxd4 exd4 34. Nd5 f5 35. Rf1 fxe4 36. dxe4 Nd6 37. Rf4 Nxe4 38. Rxe4 d3+ 39. Kxd3 Rxd5+ 40. Ke3 Rd3+ 41. Kf4 Rf8+ 42. Kg4 Rf2 43. Kh3 Rdd2 44. Rh1 Rb2 45. Rd4 Rf5 46. Re1 Rh5+ 47. Rh4 Rxh4+ 48. Kxh4 Rxb4+ 49. Kh3 h5 50. Kg2 Rb2+ 51. Kg1 Kg6 52. Re8 Rb5 53. Re7 Kf6 54. Rd7 g5 55. Rh7 Kg6 56. Rd7 Rb2 57. h4 g4 58. Re7 Rb5 59. Kf2 Kf5 60. Kf1 Kf6 61. Rh7 Ke6 62. Kf2 Kd6 0-1

[Event "CZE-ch op"]
[Site "Nymburk"]
[Date "1997.??.??"]
[Round "?"]
[White "Horak, Michal"]
[Black "Gross, David"]
[Result "1/2-1/2"]
[WhiteElo "2325"]
[BlackElo "2360"]
[PlyCount "31"]
[EventDate "1997.??.??"]
[Source "www.chesslib.no"]
[SourceDate "2004.05.04"]

1. e4 e5 2. Bc4 Nc6 3. Nf3 Bc5 4. c3 Qe7 5. Qe2 d6 6. b4 Bb6 7. a4 a5 8. b5 Nd8 9. d4 Bg4 10. dxe5 dxe5 11. h3 Bh5 12. Nbd2 Ne6 13. Nb3 Nf4 14. Bxf4 exf4 15. O-O Nf6 16. e5 1/2-1/2

[Event "Skopje ol (Men)"]
[Site "Skopje MKD"]
[Date "1972.09.29"]
[Round "3.3"]
[White "Tumurbator, Purev"]
[Black "Thorsteinsson, Thorsteinn"]
[Result "0-1"]
[WhiteElo "2270"]
[BlackElo "2415"]
[PlyCount "58"]
[EventDate "1972.09.??"]
[Source "www.chesslib.no"]
[SourceDate "2004.05.04"]

1. e4 e5 2. Nf3 Nc6 3. Bc4 Bc5 4. c3 Bb6 5. b4 d6 6. a4 a6 7. d3 Nf6 8. O-O Be6 9. Nbd2 O-O 10. Ba2 Bxa2 11. Rxa2 d5 12. Qb3 Re8 13. c4 dxe4 14. dxe4 Nd4 15. Qd1 Nxf3+ 16. Qxf3 Bd4 17. Nb3 Qd6 18. c5 Qe6 19. Bg5 Nxe4 20. Bh4 Nc3 21. Ra3 Qc4 22. Nd2 Qxb4 23. Rb3 Qxc5 24. Rxb7 e4 25. Qh3 e3 26. Nb3 exf2+ 27. Kh1 Qc4 28. Nd2 Qe2 29. Bg5 Ne4 0-1

[Event "Nis op"]
[Site "?"]
[Date "1997.??.??"]
[Round "10"]
[White "Benderac Srdjan"]
[Black "Scekic Milos"]
[Result "1-0"]
[WhiteElo "2285"]
[BlackElo "2400"]
[PlyCount "43"]
[EventDate "1997.??.??"]
[Source "www.chesslib.no"]
[SourceDate "2004.05.04"]

1. e4 e5 2. Nf3 Nc6 3. Bc4 Bc5 4. c3 Qf6 5. d4 exd4 6. e5 Qd8 7. cxd4 Bb4+ 8. Nc3 d5 9. exd6 Qxd6 10. O-O Bxc3 11. bxc3 Be6 12. d5 O-O-O 13. Bg5 f6 14. dxe6 Qc5 15. e7 Ngxe7 16. Be6+ Kb8 17. Bd2 Rd6 18. Qe2 Ne5 19. Nxe5 Qxe5 20. Rae1 Rhd8 21. Qc4 b5 22. Qb3 1-0

[Event "Recklinghausen"]
[Site "Recklinghausen"]
[Date "1996.??.??"]
[Round "4"]
[White "Repkova Eid, Eva"]
[Black "Straeter, Timo"]
[Result "1/2-1/2"]
[WhiteElo "2345"]
[BlackElo "2330"]
[PlyCount "115"]
[EventDate "1996.??.??"]
[Source "www.chesslib.no"]
[SourceDate "2004.05.04"]

1. e4 e5 2. Nf3 Nc6 3. Bc4 Bc5 4. c3 Bb6 5. Bb3 d6 6. h3 Nf6 7. d3 O-O 8. Nbd2 Ne7 9. Nf1 Ng6 10. Ng3 c6 11. O-O h6 12. Re1 Be6 13. d4 Re8 14. Bc2 Qd7 15. Be3 Rad8 16. Qe2 Nf4 17. Bxf4 exf4 18. Nf1 Nh5 19. Rad1 Qe7 20. Qd3 g6 21. N1h2 Qf8 22. Qd2 g5 23. Qe2 Qg7 24. Nd2 Nf6 25. e5 dxe5 26. dxe5 Nd5 27. Ndf3 c5 28. Ng4 h5 29. Nf6+ Nxf6 30. exf6 Qxf6 31. Qe4 g4 32. Rxd8 Rxd8 33. Ne5 c4 34. Rf1 Kf8 35. Nxc4 Bd5 36. Qe5 Qxe5 37. Nxe5 g3 38. Rd1 gxf2+ 39. Kf1 Ke7 40. b3 Ke6 41. Nd3 f3 42. Nf4+ Ke5 43. Rxd5+ Rxd5 44. Nxd5 fxg2+ 45. Kxg2 Kxd5 46. Bd3 Ke5 47. Be2 h4 48. Bf3 Kf4 49. Bxb7 Ke3 50. Kf1 Kd3 51. c4 Kc3 52. Ba6 Bc5 53. Ke2 f5 54. Kf1 f4 55. Ke2 f3+ 56. Kf1 Kb4 57. a4 Kxb3 58. Bb5 1/2-1/2

[Event "Split"]
[Site "Split"]
[Date "1997.??.??"]
[Round "?"]
[White "Armanda, Ivica"]
[Black "Zupe, Miran"]
[Result "1/2-1/2"]
[WhiteElo "2255"]
[BlackElo "2405"]
[PlyCount "31"]
[EventDate "1997.??.??"]
[Source "www.chesslib.no"]
[SourceDate "2004.05.04"]

1. e4 e5 2. Nf3 Nc6 3. Bc4 Bc5 4. c3 Bb6 5. d4 Qe7 6. d5 Nb8 7. d6 Qxd6 8. Qxd6 cxd6 9. Na3 Nf6 10. Bd5 Nc6 11. Nb5 Ke7 12. Bg5 a6 13. Na3 h6 14. Bxf6+ Kxf6 15. Nc4 Bc7 16. Nh4 1/2-1/2

[Event "Ch Russia (club)"]
[Site "Briansk RUS"]
[Date "1995.??.??"]
[Round "1"]
[White "Lukianenko Evgenij"]
[Black "Kudrjavcev, Aleksey"]
[Result "1-0"]
[WhiteElo "2250"]
[BlackElo "2404"]
[PlyCount "57"]
[EventDate "1995.??.??"]
[Source "www.chesslib.no"]
[SourceDate "2004.05.04"]

1. e4 e5 2. Nf3 Nc6 3. Bc4 Bc5 4. c3 d6 5. O-O Nf6 6. d4 exd4 7. cxd4 Bb6 8. h3 O-O 9. Nc3 h6 10. Re1 Re8 11. Bf4 Bd7 12. Qd2 Ba5 13. e5 dxe5 14. dxe5 Nh7 15. Rad1 Be6 16. Qc1 Qe7 17. Bd3 Rad8 18. Bxh6 gxh6 19. Qxh6 Rxd3 20. Rxd3 Qf8 21. Qh5 Ne7 22. Nh4 Bxc3 23. Rxc3 c6 24. Rg3+ Kh8 25. Re4 Rd8 26. Rf4 c5 27. Nf3 Ng8 28. Ng5 Qh6 29. Nxf7+ 1-0

[Event "Novi Sad ol (Men)"]
[Site "Novi Sad YUG"]
[Date "1990.??.??"]
[Round "14"]
[White "Smith, Robert W"]
[Black "Rantanen, Yrjo A"]
[Result "1/2-1/2"]
[WhiteElo "2230"]
[BlackElo "2420"]
[PlyCount "81"]
[EventDate "1990.11.??"]
[Source "www.chesslib.no"]
[SourceDate "2004.05.04"]

1. e4 e5 2. Nf3 Nc6 3. Bc4 Bc5 4. c3 Bb6 5. d3 d6 6. Nbd2 h6 7. Bb3 Qf6 8. Nc4 Bg4 9. h3 Bxf3 10. Qxf3 Qxf3 11. gxf3 Nge7 12. f4 Ng6 13. Nxb6 axb6 14. fxe5 dxe5 15. Be3 Nh4 16. Ke2 g5 17. a3 Ke7 18. d4 Ra5 19. Bd5 f6 20. f3 Rha8 21. Rad1 Nd8 22. Bf2 Ng6 23. Bg3 c6 24. Bc4 Ne6 25. Bxe6 Kxe6 26. dxe5 fxe5 27. h4 gxh4 28. Bxh4 h5 29. Bg5 Rh8 30. Rh2 Raa8 31. Rdh1 h4 32. Bxh4 Nf4+ 33. Ke3 Rag8 34. Bg3 Rxh2 35. Bxh2 Rh8 36. Kf2 Nd3+ 37. Kg2 Rg8+ 38. Bg3 Nf4+ 39. Kf2 Nd3+ 40. Kg2 Nf4+ 41. Kf2 1/2-1/2

[Event "Skopje ol (Men)"]
[Site "Skopje MKD"]
[Date "1972.??.??"]
[Round "5"]
[White "Rossolimo, Nicholas"]
[Black "Campos Lopez, Mario"]
[Result "0-1"]
[WhiteElo "2450"]
[BlackElo "2200"]
[PlyCount "48"]
[EventDate "1972.09.??"]
[Source "www.chesslib.no"]
[SourceDate "2004.05.04"]

1. e4 e5 2. Nf3 Nc6 3. Bc4 Bc5 4. c3 Bb6 5. d4 Qe7 6. O-O Nf6 7. Re1 d6 8. h3 h6 9. a4 a6 10. Na3 g5 11. Bf1 g4 12. hxg4 Bxg4 13. Nc4 Ba7 14. b4 exd4 15. e5 Nxe5 16. cxd4 Bxf3 17. gxf3 Rg8+ 18. Bg2 Nxf3+ 19. Qxf3 Qxe1+ 20. Kh2 Ng4+ 21. Kh3 Nxf2+ 22. Kh2 Ng4+ 23. Kh3 Qe6 24. Qxb7 Ne3+ 0-1

[Event "Moscow ol (Men)"]
[Site "Moscow"]
[Date "1994.??.??"]
[Round "8"]
[White "Aryanejad, Hossein"]
[Black "Kaabi, Mejdi"]
[Result "0-1"]
[WhiteElo "2270"]
[BlackElo "2380"]
[PlyCount "65"]
[EventDate "1994.11.??"]
[Source "ChessBase"]

1. e4 e5 2. Nf3 Nc6 3. Bc4 Bc5 4. c3 d6 5. Bb3 Nf6 6. d3 a6 7. O-O Ba7 8. Nbd2 O-O 9. h3 Be6 10. Re1 h6 11. Nf1 Re8 12. Bc2 d5 13. Qe2 Qd7 14. Ng3 Rad8 15. Be3 d4 16. Bd2 b5 17. a4 Bb6 18. Kh2 Kh8 19. axb5 axb5 20. Nh4 Ne7 21. Rf1 g5 22. Nf3 Nc6 23. Nxg5 hxg5 24. Bxg5 Qe7 25. f4 Rg8 26. Qd2 exf4 27. Bxf6+ Qxf6 28. Rxf4 Qg5 29. Nf5 Bxf5 30. exf5 dxc3 31. Qxc3+ Bd4 32. Qxc6 Qxf4+ 33. Kh1 0-1

[Event "Copenhagen Open 16th"]
[Site "Copenhagen DEN"]
[Date "1994.??.??"]
[Round "5"]
[White "Aagaard, Jacob"]
[Black "Steinbacher, Matthias"]
[Result "1-0"]
[WhiteElo "2250"]
[BlackElo "2390"]
[PlyCount "57"]
[EventDate "1994.06.??"]
[Source "www.chesslib.no"]
[SourceDate "2004.05.04"]

1. e4 Nc6 2. Nf3 e5 3. Bc4 Bc5 4. c3 Qe7 5. O-O d6 6. d4 Bb6 7. h3 h6 8. Re1 a6 9. Nbd2 Nf6 10. Nf1 g5 11. Ne3 g4 12. Nh4 exd4 13. Nef5 Qe5 14. Bd2 g3 15. f4 dxc3+ 16. Kh1 cxd2 17. fxe5 dxe1=Q+ 18. Qxe1 Nxe5 19. Qxg3 Rg8 20. Qf4 Bxf5 21. Qxf5 Nfd7 22. Bxf7+ Nxf7 23. Qe6+ Kf8 24. Qxd7 Re8 25. Rf1 Re7 26. Qd8+ Re8 27. Qf6 Re7 28. Nf5 Rd7 29. Qe6 1-0

[Event "FIN Team Ch"]
[Site "Finland"]
[Date "1990.??.??"]
[Round "?"]
[White "Pirttimaki, Timo"]
[Black "Ojanen, Kaarle S"]
[Result "1-0"]
[WhiteElo "2295"]
[BlackElo "2340"]
[PlyCount "110"]
[EventDate "1990.??.??"]
[Source "www.chesslib.no"]
[SourceDate "2004.05.04"]

1. e4 e5 2. Nf3 Nc6 3. Bc4 Bc5 4. c3 Bb6 5. d3 Nf6 6. O-O d6 7. Nbd2 Ne7 8. Bb3 c6 9. d4 exd4 10. cxd4 O-O 11. Bc2 Ng6 12. b3 Re8 13. Bb2 d5 14. e5 Nd7 15. b4 Ndf8 16. h3 Bc7 17. Re1 a5 18. a3 axb4 19. axb4 Rxa1 20. Qxa1 Nf4 21. Nf1 N8g6 22. Bc1 h6 23. Bd2 Ne6 24. Qc1 Bb6 25. Be3 Nh4 26. N1h2 Nf8 27. Qd2 Nxf3+ 28. Nxf3 Be6 29. Ra1 Qd7 30. Qd3 Rc8 31. Kh2 Bd8 32. Ng1 Be7 33. Bd2 Qc7 34. Kh1 Qd8 35. Ne2 Bd7 36. g4 Bh4 37. f4 Ra8 38. Rf1 Ra2 39. Ng1 Qa8 40. Nf3 Be7 41. f5 Qa3 42. Qxa3 Rxa3 43. h4 Ra2 44. Rc1 Bd8 45. Kg1 Bb6 46. Kf1 h5 47. gxh5 Rxc2 48. Rxc2 Bxf5 49. Ra2 Bg4 50. h6 Bxf3 51. Ra8 Be4 52. Bg5 f6 53. e6 Kh7 54. e7 Ng6 55. e8=N fxg5 1-0

[Event "SUI Team Ch"]
[Site "Switzerland"]
[Date "1994.??.??"]
[Round "9"]
[White "Domont, Alexandre"]
[Black "Lematschko, Tatjana"]
[Result "1-0"]
[WhiteElo "2350"]
[BlackElo "2285"]
[PlyCount "81"]
[EventDate "1994.??.??"]
[Source "www.chesslib.no"]
[SourceDate "2004.05.04"]

1. e4 e5 2. Bc4 Nc6 3. Nf3 Bc5 4. c3 Qf6 5. d3 d6 6. b4 Bb6 7. a4 a5 8. b5 Nce7 9. Be3 Bxe3 10. fxe3 Qh6 11. Qe2 Nf6 12. O-O O-O 13. Bb3 Ng6 14. Nbd2 b6 15. h3 Bb7 16. Nh2 Rae8 17. Rxf6 gxf6 18. Ng4 Qg7 19. Rf1 Kh8 20. Nxf6 Re7 21. Nh5 Qh6 22. Rf6 Bc8 23. g4 Be6 24. Bd5 Rg8 25. Kf1 Qf8 26. Qf2 Qe8 27. Ke2 Bxd5 28. exd5 Rd7 29. Ne4 Qe7 30. Qf5 Nh4 31. Qf2 Ng6 32. c4 h6 33. Nhg3 Rg7 34. Nf5 Qf8 35. Nxh6 Qe7 36. Nf5 Qf8 37. Nxg7 Kxg7 38. h4 Ne7 39. Ng5 Ng6 40. Ne6+ fxe6 41. Rxg6+ 1-0

[Event "HUN-chT 0203"]
[Site "?"]
[Date "2002.09.22"]
[Round "1"]
[White "Karacsony Attila"]
[Black "Ruck Tamas"]
[Result "1/2-1/2"]
[WhiteElo "2319"]
[BlackElo "2314"]
[PlyCount "21"]
[EventDate "2002.??.??"]
[Source "www.chesslib.no"]
[SourceDate "2004.05.04"]

1. e4 e5 2. Nf3 Nc6 3. Bc4 Bc5 4. c3 Bb6 5. b4 a6 6. d4 Qe7 7. O-O d6 8. dxe5 Nxe5 9. Nxe5 dxe5 10. Qe2 Nf6 11. Be3 1/2-1/2

[Event "Buenos Aires FMDA"]
[Site "Buenos Aires ARG"]
[Date "1992.??.??"]
[Round "11"]
[White "Juarez, Carlos E"]
[Black "Benko, Francisco"]
[Result "1-0"]
[WhiteElo "2370"]
[BlackElo "2260"]
[PlyCount "75"]
[EventDate "1992.??.??"]
[Source "www.chesslib.no"]
[SourceDate "2004.05.04"]

1. e4 e5 2. Nf3 Nc6 3. Bc4 Bc5 4. c3 Bb6 5. b4 d6 6. a4 a5 7. b5 Nb8 8. Qb3 Qe7 9. d3 Nd7 10. Nbd2 Nh6 11. d4 Nf8 12. Ba3 f6 13. O-O Ng6 14. g3 Bg4 15. Rfe1 Qd7 16. Be2 O-O-O 17. Rac1 Kb8 18. d5 f5 19. c4 Qe7 20. Qc3 fxe4 21. Nxe4 Bxf3 22. Bxf3 Bd4 23. Qxa5 b6 24. Qd2 Rhf8 25. Bg2 Rxf2 26. Nxf2 Ng4 27. Re2 Nxf2 28. Rxf2 Rf8 29. Rcf1 Rxf2 30. Rxf2 Bxf2+ 31. Qxf2 Qg5 32. h3 h5 33. Qe1 h4 34. Bc1 Qf6 35. Qf2 hxg3 36. Qxf6 gxf6 37. Bh6 f5 38. Bg5 1-0

[Event "Biel Open"]
[Site "Biel SUI"]
[Date "1994.??.??"]
[Round "2"]
[White "Nevednichy, Vladislav"]
[Black "Straub, Peter"]
[Result "1-0"]
[WhiteElo "2480"]
[BlackElo "2150"]
[PlyCount "107"]
[EventDate "1994.07.??"]
[Source "www.chesslib.no"]
[SourceDate "2004.05.04"]

1. e4 e5 2. Nf3 Nc6 3. Bc4 Bc5 4. c3 Bb6 5. d4 Qe7 6. O-O Nf6 7. Re1 O-O 8. Bg5 d6 9. Bb5 Nd8 10. d5 h6 11. Be3 Bd7 12. Bxd7 Nxd7 13. Nbd2 Bxe3 14. Rxe3 f5 15. exf5 Rxf5 16. c4 c5 17. dxc6 bxc6 18. Ne4 Nf7 19. Qa4 Nb6 20. Qxc6 Rc8 21. Qb5 Rxc4 22. Rae1 Nd8 23. Rd1 Nb7 24. b3 Rc8 25. a4 d5 26. Ng3 Rf4 27. Nxe5 Qd6 28. Nd3 Rf7 29. a5 Na8 30. Ne5 Rfc7 31. Nc4 Qd7 32. Qxd5+ Qxd5 33. Rxd5 Nc5 34. Nd2 Rb8 35. h3 Na6 36. Rd6 Nb4 37. Nf5 Rf7 38. g4 Nc7 39. Re7 Rbf8 40. Nc4 Ncd5 41. Rxf7 Rxf7 42. Ne5 Rc7 43. h4 Rc1+ 44. Kh2 Re1 45. Rd8+ Kh7 46. Nf7 Nf6 47. h5 Re8 48. Rxe8 Nxe8 49. Ne5 Nf6 50. Nd4 Nfd5 51. Kg3 Ne7 52. f4 g6 53. hxg6+ Nxg6 54. Nec6 1-0

[Event "Open 'Mediterraneo 2017'"]
[Site "Fiume CRO"]
[Date "2008.11.29"]
[Round "1.3"]
[White "Nevednichy, Vladislav"]
[Black "Klasan, Elvis"]
[Result "1-0"]
[WhiteElo "2583"]
[BlackElo "2045"]
[PlyCount "65"]
[EventDate "2008.11.29"]
[Source "www.chesslib.no"]
[SourceDate "2004.05.04"]

1. e4 e5 2. Nf3 Nc6 3. Bc4 Bc5 4. c3 d6 5. h3 Nf6 6. d3 h6 7. Nbd2 a6 8. Bb3 Qe7 9. Nf1 Bd7 10. Ng3 O-O-O 11. Nh2 Be6 12. Qf3 g6 13. O-O Rdf8 14. Be3 Bxe3 15. Qxe3 Nd7 16. Ba4 b5 17. Bb3 Nb6 18. Qf3 Na5 19. Bc2 f5 20. b4 Nb7 21. a4 f4 22. Ne2 h5 23. a5 Nd7 24. d4 g5 25. d5 g4 26. Qd3 Bg8 27. c4 f3 28. Ng3 fxg2 29. Kxg2 gxh3+ 30. Kh1 Nbc5 31. bxc5 Nxc5 32. Qe3 Bh7 33. cxb5 1-0

[Event "Barbera op"]
[Site "Barbera"]
[Date "1999.??.??"]
[Round "8"]
[White "Roa Alonso, Santiago"]
[Black "Rosich Valles, Alfredo"]
[Result "1-0"]
[WhiteElo "2359"]
[BlackElo "2268"]
[PlyCount "79"]
[EventDate "1999.??.??"]
[Source "www.chesslib.no"]
[SourceDate "2004.05.04"]

1. e4 e5 2. Nf3 Nc6 3. Bc4 Bc5 4. c3 Qf6 5. d4 exd4 6. e5 Qe7 7. cxd4 Bxd4 8. O-O Bb6 9. Nc3 h6 10. Nd5 Qd8 11. Re1 Nge7 12. Nf6+ Kf8 13. Nh4 d5 14. Nxd5 Nxd5 15. Qxd5 Qxd5 16. Bxd5 Nd4 17. Be4 c6 18. Be3 Ke7 19. Rad1 Rd8 20. Rd3 Be6 21. Red1 Nb5 22. Nf5+ Bxf5 23. Bxf5 Rxd3 24. Rxd3 Rd8 25. Bxb6 axb6 26. Rxd8 Kxd8 27. f4 Nd4 28. Bd3 Ne6 29. g3 g5 30. Bc4 Ke7 31. Bxe6 Kxe6 32. Kf2 gxf4 33. gxf4 Kf5 34. Kf3 b5 35. a3 b6 36. Ke3 f6 37. exf6 Kxf6 38. Ke4 h5 39. h3 c5 40. f5 1-0

[Event "Dortmund Open"]
[Site "Dortmund GER"]
[Date "1987.??.??"]
[Round "3"]
[White "Einarsson, Halldor G"]
[Black "Davidovic, Aleksandar"]
[Result "0-1"]
[WhiteElo "2225"]
[BlackElo "2400"]
[PlyCount "106"]
[EventDate "1987.04.??"]
[Source "www.chesslib.no"]
[SourceDate "2004.05.04"]

1. e4 e5 2. Bc4 Bc5 3. Nf3 Nc6 4. c3 Qe7 5. O-O d6 6. Re1 Nf6 7. d3 a6 8. Nbd2 O-O 9. Nf1 Na5 10. b4 Nxc4 11. bxc5 Na5 12. cxd6 cxd6 13. Ng3 Ne8 14. Ba3 Bg4 15. h3 Bxf3 16. Qxf3 Qe6 17. Qe3 Nc6 18. d4 Na5 19. Bc1 Nc4 20. Qd3 b5 21. a4 Nc7 22. Re2 d5 23. exd5 Qxd5 24. Nf5 Rfe8 25. Qg3 g6 26. Bg5 Ne6 27. Bf6 exd4 28. Nh6+ Kf8 29. Rd1 Qh5 30. Ng4 Qf5 31. cxd4 Nf4 32. Rxe8+ Rxe8 33. Qb3 Qd5 34. Qb4+ Nd6 35. f3 a5 36. Qc5 Rc8 37. Qxd5 Nxd5 38. Be5 Rc6 39. axb5 Nxb5 40. Ra1 Ra6 41. Kf2 Ke7 42. Ne3 Ke6 43. Nxd5 Kxd5 44. Ke3 a4 45. Kd3 a3 46. Rb1 Ra5 47. Rc1 a2 48. Rc5+ Ke6 49. f4 Ra3+ 50. Kc4 Nd6+ 51. Kb4 a1=Q 52. d5+ Kd7 53. Bxa1 Rxa1 0-1

[Event "9. Taca BCX"]
[Site "?"]
[Date "2005.09.05"]
[Round "2"]
[White "Crosa Martin"]
[Black "Coutinho Sidnei Bissacot"]
[Result "1-0"]
[WhiteElo "2415"]
[BlackElo "2208"]
[PlyCount "61"]
[EventDate "2005.??.??"]
[Source "www.chesslib.no"]
[SourceDate "2004.05.04"]

1. e4 e5 2. Nf3 Nc6 3. Bc4 Bc5 4. c3 d6 5. O-O Be6 6. Bxe6 fxe6 7. d4 exd4 8. cxd4 Bb6 9. d5 exd5 10. exd5 Nce7 11. Ng5 Qd7 12. Ne6 Nf5 13. Re1 Nge7 14. g4 Nh4 15. Bg5 Nhg6 16. Nxg7+ Kf7 17. Ne6 Ne5 18. Rxe5 dxe5 19. Qf3+ Ke8 20. Nc3 Rg8 21. Re1 Qd6 22. Ne4 Qb4 23. Nf6+ Kf7 24. Re4 Qxb2 25. Nxh7+ Ke8 26. Nf6+ Kf7 27. Nxg8+ Kxg8 28. Bxe7 Re8 29. Bb4 c5 30. Qf6 Qb1+ 31. Be1 1-0

[Event "Oberliga Wuert 0001"]
[Site "?"]
[Date "2000.11.12"]
[Round "2.1"]
[White "Gheng Josef"]
[Black "Bauer Peter"]
[Result "1/2-1/2"]
[WhiteElo "2378"]
[BlackElo "2244"]
[PlyCount "98"]
[EventDate "2000.??.??"]
[Source "www.chesslib.no"]
[SourceDate "2004.05.04"]

1. e4 e5 2. Nf3 Nc6 3. Bc4 Bc5 4. c3 a6 5. d4 exd4 6. cxd4 Bb4+ 7. Nc3 Nf6 8. O-O b5 9. Bd3 d5 10. Bg5 Bxc3 11. bxc3 Ne7 12. e5 Ne4 13. Bxe4 dxe4 14. Nd2 Bf5 15. Re1 Qd5 16. Bxe7 Kxe7 17. Qh5 Bg6 18. Qh4+ Kf8 19. Nb3 h5 20. Re3 Rh6 21. Nc5 b4 22. Qf4 Kg8 23. h4 bxc3 24. Nb3 c2 25. Rc3 a5 26. Rc5 Qd7 27. Rxc2 a4 28. Nd2 Qxd4 29. Rac1 Rd8 30. Nf1 e3 31. Qxd4 Rxd4 32. fxe3 Rxh4 33. Rxc7 Bd3 34. Nd2 Rb4 35. Ra7 Rb2 36. Nf3 Rg6 37. Rc8+ Kh7 38. Raa8 Rgxg2+ 39. Kh1 Be4 40. Rh8+ Kg6 41. Nh4+ Kg5 42. Nxg2 Rxg2 43. Rxa4 Rg4+ 44. Kh2 h4 45. Rf8 Rg2+ 46. Kh3 Rg3+ 47. Kh2 Rg2+ 48. Kh3 Rg3+ 49. Kh2 Rg2+ 1/2-1/2

[Event "Polanica Zdroj Open"]
[Site "Polanica Zdroj POL"]
[Date "1995.??.??"]
[Round "8"]
[White "Bus, Mariusz"]
[Black "Ciruk, Jerzy"]
[Result "1-0"]
[WhiteElo "2390"]
[BlackElo "2230"]
[PlyCount "79"]
[EventDate "1995.08.??"]
[Source "www.chesslib.no"]
[SourceDate "2004.05.04"]

1. e4 e5 2. Nf3 Nc6 3. Bc4 Bc5 4. c3 Bb6 5. O-O Nf6 6. d3 O-O 7. Nbd2 d6 8. Bb3 a6 9. h3 Ba7 10. Re1 h6 11. Nf1 Bd7 12. Ng3 Qc8 13. d4 Re8 14. Qd3 Qd8 15. Bd2 Na5 16. Bd1 Bb5 17. Qc2 Bd7 18. b3 Nc6 19. Qd3 Nh7 20. Be3 Qf6 21. Nh5 Qg6 22. Nh4 exd4 23. Nxg6 dxe3 24. fxe3 fxg6 25. Nf4 Nf8 26. b4 Kh7 27. Bb3 Re5 28. Nd5 Ne6 29. Rf1 Be8 30. Rf2 g5 31. Rf5 Bg6 32. Rxe5 Nxe5 33. Qc2 Re8 34. Kh1 c6 35. Nf4 Nxf4 36. exf4 gxf4 37. Rf1 d5 38. Rxf4 dxe4 39. Rxe4 Rf8 40. Qe2 1-0

[Event "FRA-chT2S 9798"]
[Site "?"]
[Date "1998.??.??"]
[Round "?"]
[White "Bolding Klaus"]
[Black "Renaze Luc"]
[Result "0-1"]
[WhiteElo "2335"]
[BlackElo "2275"]
[PlyCount "73"]
[EventDate "1998.??.??"]
[Source "www.chesslib.no"]
[SourceDate "2004.05.04"]

1. e4 e5 2. Nf3 Nc6 3. Bc4 Bc5 4. c3 Bb6 5. O-O Nf6 6. d3 d6 7. h3 h6 8. b4 g5 9. a4 a6 10. Qb3 Qe7 11. a5 Ba7 12. b5 axb5 13. Bxb5 g4 14. hxg4 Nxg4 15. Nbd2 O-O 16. Nc4 Kh7 17. Ne3 Bxe3 18. fxe3 Nxa5 19. Qb1 f5 20. exf5 Bxf5 21. e4 Be6 22. Qc2 c6 23. Bc4 Nxc4 24. Rxa8 Rxa8 25. dxc4 Bxc4 26. Re1 Ra2 27. Bb2 b5 28. g3 Qa7+ 29. Nd4 exd4 30. cxd4 Ne5 31. Kh1 Rxb2 32. Qxb2 Nd3 33. Ra1 Qg7 34. Qg2 Qxd4 35. Rf1 Ne5 36. Kh2 Bxf1 37. Qxf1 0-1

[Event "SVK-chT2E 9900"]
[Site "SVK"]
[Date "2000.??.??"]
[Round "?"]
[White "Klemanic, Emil"]
[Black "Kotan, Ladislav"]
[Result "1/2-1/2"]
[WhiteElo "2300"]
[BlackElo "2308"]
[PlyCount "23"]
[EventDate "1999.??.??"]
[Source "www.chesslib.no"]
[SourceDate "2004.05.04"]

1. e4 e5 2. Bc4 Nc6 3. Nf3 Bc5 4. c3 Qe7 5. O-O d6 6. d3 Nf6 7. Nbd2 O-O 8. Bb3 Nh5 9. Nc4 Nf4 10. d4 Bb6 11. Nxb6 axb6 12. d5 1/2-1/2

[Event "Vantaa op2"]
[Site "Vantaa"]
[Date "1994.??.??"]
[Round "7"]
[White "Hartikainen, Markku"]
[Black "Valkesalmi, Kimmo"]
[Result "0-1"]
[WhiteElo "2235"]
[BlackElo "2355"]
[PlyCount "64"]
[EventDate "1994.??.??"]
[Source "www.chesslib.no"]
[SourceDate "2004.05.04"]

1. e4 e5 2. Nf3 Nc6 3. Bc4 Bc5 4. c3 Bb6 5. O-O d6 6. h3 Qf6 7. d3 h6 8. b4 Nge7 9. a4 a5 10. b5 Nd8 11. Be3 g5 12. Bxb6 cxb6 13. d4 g4 14. dxe5 dxe5 15. hxg4 Bxg4 16. Be2 Ng6 17. Nd4 Bd7 18. Nf5 Bxf5 19. exf5 Nf4 20. Bf3 Rg8 21. Re1 Qxf5 22. Qd6 f6 23. Re3 Nf7 24. Qxb6 Rd8 25. Na3 Ng5 26. Qxb7 Nxf3+ 27. Rxf3 Rxg2+ 28. Kf1 Qg4 29. Qc6+ Rd7 30. Qc8+ Ke7 31. Qc5+ Kf7 32. Qc4+ Kg7 0-1

[Event "Oberliga NRW 8586"]
[Site "GER"]
[Date "1986.??.??"]
[Round "9.1"]
[White "Hund, Barbara"]
[Black "Pieper-Emden, Carsten"]
[Result "1/2-1/2"]
[WhiteElo "2245"]
[BlackElo "2335"]
[PlyCount "65"]
[EventDate "1985.??.??"]
[Source "www.chesslib.no"]
[SourceDate "2004.05.04"]

1. e4 e5 2. Bc4 Bc5 3. Nf3 Nc6 4. c3 Qf6 5. d4 Bb6 6. O-O d6 7. dxe5 Nxe5 8. Nxe5 dxe5 9. Be3 Ne7 10. Qd2 h6 11. f4 exf4 12. Bd4 Ng6 13. Kh1 Bxd4 14. cxd4 O-O 15. Nc3 c6 16. e5 Qh4 17. Rae1 Be6 18. Qd3 Ne7 19. Ne2 Bxc4 20. Qxc4 Nd5 21. Qc1 g5 22. g3 fxg3 23. Nxg3 Kh8 24. Qc2 Rae8 25. Nf5 Qh5 26. Nd6 Rb8 27. Qf5 Kg8 28. e6 fxe6 29. Qxe6+ Kh7 30. Qd7+ Kg8 31. Qe6+ Kh7 32. Qd7+ Kg8 33. Qe6+ 1/2-1/2